| 000 | 00583nam a2200169 a 4500 | ||
|---|---|---|---|
| 001 | 000045831 | ||
| 003 | DO-SdBNP | ||
| 005 | 20250206131649.0 | ||
| 008 | 150518s2009 dr 000 0 spa d | ||
| 040 |
_aDO-SdBNP _bspa _cBNPHU |
||
| 110 | 1 |
_a República Dominicana. _b Secretaría de Estado de Cultura. _96453 |
|
| 245 | 1 | 0 | _aPrincipales aportes de la ley del libro y bibliotecas. |
| 260 |
_aSanto Domingo : _bSecretaría de Estado de Cultura _bNacional, _c2009. |
||
| 300 |
_a18 p. ; _c17 cm. |
||
| 590 | _aPerteneció a la biblioteca personal de Erick Landestoy | ||
| 942 |
_2ddc _cLF2 |
||
| 999 |
_c45320 _d45320 |
||